[Event "Chigorin Memorial"]
[Site "St Petersburg RUS"]
[Date "2012.10.28"]
[Round "2.41"]
[White "Ulyanin, Sergei"]
[Black "Goganov, Aleksey"]
[Result "0-1"]
[WhiteTitle "FM"]
[BlackTitle "IM"]
[WhiteElo "2308"]
[BlackElo "2526"]
[WhiteFideId "24105805"]
[BlackFideId "24109959"]
[EventDate "2012.10.27"]

1. e4 c5 2. Nf3 Nc6 3. d4 cxd4 4. Nxd4 Qc7 5. Nc3 e6 6. Be2 Nf6 7. O-O Be7 8.
Kh1 O-O 9. f4 d6 10. Be3 Nxd4 11. Qxd4 b6 12. e5 dxe5 13. fxe5 Bc5 14. Qf4 Bxe3
15. Qxe3 Nd7 16. Bf3 Ba6 17. Bxa8 Bxf1 18. Rxf1 Rxa8 19. Rxf7 Kxf7 20. Qf3+ Ke7
21. Qxa8 Nxe5 22. Qg8 Nf7 23. Qxg7 Qf4 24. h3 Qc1+ 25. Kh2 Qxc2 26. Qd4 Nd6 27.
Qg7+ Kd8 28. Qxa7 Qxb2 29. Qb8+ Kd7 30. Na4 Qe5+ 31. Kh1 Qe1+ 32. Kh2 Qb4 33.
Qa7+ Kc6 34. a3 Qf4+ 35. Kh1 Qd4 36. Kh2 e5 37. Nxb6 Qxb6 38. Qxh7 e4 39. Qe7
Qf2 40. Qe5 Qd2 41. h4 e3 42. Qf4 Qf2 43. Qa4+ Kd5 44. Qa5+ Kd4 45. Qd8 Qf4+ 46.
g3 Qe5 47. Qb6+ Qc5 48. Qb2+ Kd3 49. Qb3+ Kd2 50. Qb2+ Qc2 51. Qd4+ Kc1+ 52. Kh3
e2 53. Qa1+ Kd2 54. Qd4+ Qd3 55. Qb4+ Kd1 56. Qa4+ Kc1 57. Qb4 Qf5+ 58. Kh2 Qf2+
59. Kh3 e1=Q 60. Qxd6 Qf5+ 0-1

[Event "Chigorin Memorial"]
[Site "St Petersburg RUS"]
[Date "2012.10.28"]
[Round "2.42"]
[White "Cori, Jorge"]
[Black "Barhudarian, Rafael"]
[Result "1-0"]
[WhiteTitle "GM"]
[BlackTitle "FM"]
[WhiteElo "2522"]
[BlackElo "2305"]
[WhiteFideId "3802272"]
[BlackFideId "4182685"]
[EventDate "2012.10.27"]

1. d4 Nc6 2. Nf3 d6 3. e4 Nf6 4. Nc3 g6 5. h3 Bg7 6. Be3 a6 7. Be2 O-O 8. O-O e5
9. dxe5 Nxe5 10. Qd2 b5 11. Nxe5 dxe5 12. Qxd8 Rxd8 13. f3 Be6 14. a4 b4 15. Nb1
Nh5 16. Nd2 Nf4 17. Kf2 Rd6 18. Rfd1 Rad8 19. Nb3 Nxe2 20. Kxe2 Bc4+ 21. Ke1 Bf6
22. Bf2 Bxb3 23. cxb3 Rd3 24. Rac1 Rxb3 25. Rc2 Rxd1+ 26. Kxd1 Bg5 27. Re2 Rd3+
28. Kc2 Rd7 29. Kb3 Bd2 30. Bc5 a5 31. Kc4 c6 32. Bb6 b3 33. Bc5 Bb4 34. Bxb4
Rd4+ 35. Kxb3 Rxb4+ 36. Ka3 Rc4 37. b3 Rc5 38. Kb2 Kf8 39. Rc2 Rxc2+ 40. Kxc2
Ke7 41. Kc3 f5 42. b4 axb4+ 43. Kxb4 Kd6 44. a5 1-0

[Event "Chigorin Memorial"]
[Site "St Petersburg RUS"]
[Date "2012.10.28"]
[Round "2.44"]
[White "Levin, Evgeny A."]
[Black "Khakimov, Timur"]
[Result "1/2-1/2"]
[WhiteTitle "GM"]
[BlackTitle "IM"]
[WhiteElo "2516"]
[BlackElo "2303"]
[WhiteFideId "4182596"]
[BlackFideId "4169115"]
[EventDate "2012.10.27"]

1. d4 d5 2. c4 e6 3. Nc3 c5 4. cxd5 exd5 5. Nf3 Nc6 6. g3 Nf6 7. Bg2 Be7 8. O-O
O-O 9. Bg5 cxd4 10. Nxd4 h6 11. Bf4 Bg4 12. h3 Be6 13. Rc1 Rc8 14. Na4 Nxd4 15.
Qxd4 Qa5 16. Be3 Nd7 17. Nc3 Bc5 18. Qd2 Bxe3 19. Qxe3 Rc4 20. Rfd1 Nf6 21. Rd4
Qb6 22. Rcd1 Rxd4 23. Qxd4 Qxb2 24. Rb1 Qc2 25. Rxb7 Rc8 26. Nxd5 Nxd5 27. Bxd5
Qxe2 28. Bxe6 Qxe6 29. Kh2 Qxa2 30. Qxa7 Qxa7 31. Rxa7 Rc2 32. Kg2 Rc3 33. h4 h5
34. Ra8+ Kh7 35. Ra7 f6 36. Ra5 Kh6 37. Rb5 Rd3 38. Rb8 Ra3 39. Rh8+ Kg6 40. Rc8
Rb3 41. Rc7 Rd3 1/2-1/2

[Event "Chigorin Memorial"]
[Site "St Petersburg RUS"]
[Date "2012.10.28"]
[Round "2.47"]
[White "Soffer, Ram"]
[Black "Pavlov, Aleksandr"]
[Result "1-0"]
[WhiteTitle "GM"]
[WhiteElo "2506"]
[BlackElo "2300"]
[WhiteFideId "2800101"]
[BlackFideId "4119924"]
[EventDate "2012.10.27"]

1. d4 Nf6 2. Nf3 e6 3. e3 b6 4. Bd3 Bb7 5. O-O Be7 6. c4 O-O 7. Nc3 d5 8. cxd5
exd5 9. b3 Re8 10. Bb2 Nbd7 11. Ne5 c5 12. f4 a6 13. Qf3 b5 14. Qh3 Nf8 15. dxc5
Bxc5 16. Ne2 Ne6 17. Rad1 Qb6 18. Ng4 Nxg4 19. Bxh7+ Kf8 20. Qxg4 Bxe3+ 21. Kh1
d4 22. Ng3 Rac8 23. Nh5 b4 24. Bd3 g6 25. Nf6 Nc5 26. f5 Qxf6 27. fxg6 Nxd3 28.
Rxf6 Rc2 29. Rxf7+ Kg8 30. Bxd4 Bxg2+ 31. Qxg2 Rxg2 32. Kxg2 Nf4+ 33. Kg3 1-0

[Event "Chigorin Memorial"]
[Site "St Petersburg RUS"]
[Date "2012.10.28"]
[Round "2.48"]
[White "Ageichenko, Genadi A"]
[Black "Mozharov, Mikhail"]
[Result "0-1"]
[WhiteTitle "IM"]
[BlackTitle "IM"]
[WhiteElo "2301"]
[BlackElo "2505"]
[WhiteFideId "4105222"]
[BlackFideId "4189825"]
[EventDate "2012.10.27"]

1. Nf3 Nf6 2. d4 g6 3. Bg5 Bg7 4. Nbd2 d6 5. e4 O-O 6. c3 c5 7. dxc5 dxc5 8. Be2
Nc6 9. Qc2 Qc7 10. O-O b6 11. Rfe1 Bb7 12. Bf1 Rad8 13. Nc4 h6 14. Bh4 Nh5 15.
a4 g5 16. Bg3 Nxg3 17. hxg3 e6 18. Rad1 Ne7 19. Be2 Ng6 20. Nfd2 Bc6 21. Na3 Qb7
22. Bb5 a6 23. Bxc6 Qxc6 24. Qb3 Rb8 25. Ndc4 b5 26. axb5 axb5 27. Rd6 Qe8 28.
Ne3 b4 29. cxb4 Rxb4 30. Qc2 Bxb2 31. Nac4 Bd4 32. Qd2 Qb8 33. Rxd4 cxd4 34.
Qxd4 Rc8 35. Re2 Qb5 36. Rc2 g4 37. e5 h5 38. Kh2 Qc5 39. Qf4 Nxf4 0-1

[Event "Chigorin Memorial"]
[Site "St Petersburg RUS"]
[Date "2012.10.28"]
[Round "2.49"]
[White "Ajrapetjan, Yuriy"]
[Black "Minko, Vladimir"]
[Result "1/2-1/2"]
[WhiteTitle "GM"]
[WhiteElo "2502"]
[BlackElo "2293"]
[WhiteFideId "14109069"]
[BlackFideId "24146706"]
[EventDate "2012.10.27"]

1. d4 Nf6 2. c4 c5 3. d5 e6 4. Nc3 exd5 5. cxd5 Bd6 6. g3 O-O 7. Bg2 Bc7 8. Nf3
d6 9. O-O a6 10. a4 Re8 11. Nd2 Nbd7 12. Nc4 Ne5 13. Na3 Ba5 14. Bf4 Ng6 15. Bd2
Rb8 16. Qc2 Bxc3 17. Bxc3 b5 18. b4 cxb4 19. Bxb4 a5 20. Bc3 b4 21. Bxf6 Qxf6
22. Qc7 Ba6 23. Nb5 Bxb5 24. axb5 Rxb5 25. Rxa5 Rxa5 26. Qxa5 Rxe2 27. Qxb4 Qe5
28. Bf3 Rb2 29. Qa5 h6 30. Qa8+ Kh7 31. Qa7 Ne7 32. Rc1 Rd2 33. Rc7 Nxd5 34.
Rxf7 Kg8 35. Bxd5 Rd1+ 36. Kg2 Qxd5+ 37. Rf3 Rd3 38. Qb8+ Kh7 39. Qf8 Rxf3 40.
Qxf3 Qe5 1/2-1/2

[Event "Chigorin Memorial"]
[Site "St Petersburg RUS"]
[Date "2012.10.28"]
[Round "2.50"]
[White "Papp, Petra"]
[Black "Rozum, Ivan"]
[Result "0-1"]
[WhiteTitle "WGM"]
[BlackTitle "IM"]
[WhiteElo "2298"]
[BlackElo "2498"]
[WhiteFideId "739049"]
[BlackFideId "24104272"]
[EventDate "2012.10.27"]

1. e4 c5 2. Nf3 e6 3. d4 cxd4 4. Nxd4 a6 5. c4 Nf6 6. Nc3 d6 7. Be2 b6 8. O-O
Bb7 9. f3 Be7 10. Be3 O-O 11. Qd2 Nbd7 12. Rfc1 Re8 13. Bf1 Rc8 14. Rab1 Ne5 15.
Na4 Nfd7 16. b4 Rc7 17. Nb3 Qc8 18. Nxb6 Nxb6 19. Bxb6 Nxc4 20. Bxc4 Rxc4 21.
Na5 Rxc1+ 22. Rxc1 Qb8 23. Qd4 Bf6 24. Qe3 Ba8 25. Nc6 Qb7 26. Na5 Qd7 27. Qd3
d5 28. exd5 Bxd5 29. a3 Ra8 30. Be3 h6 31. Rd1 Qa4 32. Bd4 Bxd4+ 33. Qxd4 Rc8
34. Qa1 Qc2 35. Qb1 Qe2 36. Qd3 Qb2 37. Rd2 Qc1+ 38. Rd1 Qb2 39. Rd2 Rc1+ 40.
Kf2 Qe5 41. Rd1 Rc3 42. Qd2 Rxa3 43. Rc1 Qxh2 44. Rc3 Ra2 45. Rc2 Qh4+ 46. Kg1
Rxc2 47. Qxc2 Qxb4 48. Qc8+ Kh7 49. Qxa6 h5 50. Kh2 Qh4+ 51. Kg1 Qe1+ 52. Kh2 h4
53. Qd3+ f5 54. Nc4 Qg3+ 55. Kh1 h3 56. Ne3 hxg2+ 0-1

[Event "Chigorin Memorial"]
[Site "St Petersburg RUS"]
[Date "2012.10.28"]
[Round "2.51"]
[White "Portisch, Lajos"]
[Black "Mikheev, Stanislav"]
[Result "1/2-1/2"]
[WhiteTitle "GM"]
[BlackTitle "IM"]
[WhiteElo "2495"]
[BlackElo "2286"]
[WhiteFideId "700037"]
[BlackFideId "4135920"]
[EventDate "2012.10.27"]

1. d4 Nf6 2. c4 g6 3. Nc3 d5 4. e3 Bg7 5. cxd5 Nxd5 6. Bc4 Nxc3 7. bxc3 c5 8.
Nf3 O-O 9. O-O Qc7 10. Bd3 b6 11. Qe2 Bb7 12. Bb2 Nd7 13. e4 e6 14. Rfb1 Nf6 15.
Bc1 Qc6 16. Ne5 Qc7 17. Bd2 Rfd8 18. Nf3 h6 19. a4 Rab8 20. a5 bxa5 21. Rb5 cxd4
22. cxd4 Qd7 23. Rab1 a6 24. Rb6 Nh5 25. Be3 Bf8 26. g4 Nf6 27. Bf4 Bb4 28. Bxb8
Rxb8 29. Bxa6 Qe7 30. Rxb7 Rxb7 31. Bxb7 Qxb7 32. Nd2 Qc6 33. Qc4 Qxc4 34. Nxc4
Nxe4 35. Kg2 Nc3 36. Rb2 Kg7 37. Ne5 Nb5 38. Nc6 Nxd4 39. Nxd4 Bc3 40. Nxe6+
fxe6 41. Rc2 Bd4 42. Kf3 Kf6 43. Ke4 Be5 44. f4 Bd6 45. Rc6 Ke7 46. Ra6 Bc7 47.
h4 h5 48. gxh5 gxh5 49. f5 exf5+ 50. Kxf5 Kd7 51. Kg6 Kc8 52. Kxh5 Kb7 53. Re6
a4 54. Re4 a3 55. Kg6 Kb6 56. h5 Kb5 57. h6 a2 58. Re1 Kb4 59. Kf5 Bb6 60. Ke4
Bd8 1/2-1/2

[Event "Chigorin Memorial"]
[Site "St Petersburg RUS"]
[Date "2012.10.28"]
[Round "2.52"]
[White "Vavulin, Maksim"]
[Black "Neverov, Valeriy"]
[Result "0-1"]
[BlackTitle "GM"]
[WhiteElo "2293"]
[BlackElo "2494"]
[WhiteFideId "4169530"]
[BlackFideId "14100150"]
[EventDate "2012.10.27"]

1. e4 c5 2. Nf3 e6 3. d4 cxd4 4. Nxd4 a6 5. Bd3 Bc5 6. Nb3 Ba7 7. Qe2 Ne7 8. Be3
e5 9. Nc3 d6 10. O-O-O O-O 11. Bxa7 Rxa7 12. f4 Nd7 13. Qf2 Ra8 14. f5 b5 15. g4
b4 16. Ne2 a5 17. g5 a4 18. Nd2 Ba6 19. Kb1 b3 20. axb3 Bxd3 21. cxd3 Nc5 22. b4
Nxd3 23. Qe3 Nxb4 24. f6 Qc8 25. Qc3 Nec6 26. fxg7 Rd8 27. Ng3 Qe6 28. Qc4 a3
29. b3 Nd4 30. Rc1 Qxc4 31. Rxc4 a2+ 32. Kb2 Nbc2 33. Ra4 Rxa4 34. bxa4 a1=Q+
35. Rxa1 Nxa1 36. Kxa1 Ra8 0-1

[Event "Chigorin Memorial"]
[Site "St Petersburg RUS"]
[Date "2012.10.28"]
[Round "2.54"]
[White "Oparin, Grigoriy"]
[Black "Faizrakhmanov, Ramil"]
[Result "1-0"]
[WhiteTitle "IM"]
[WhiteElo "2484"]
[BlackElo "2283"]
[WhiteFideId "24125890"]
[BlackFideId "24103209"]
[EventDate "2012.10.27"]

1. e4 e6 2. d4 d5 3. Nc3 Nf6 4. e5 Nfd7 5. f4 c5 6. Nf3 Nc6 7. Be3 Be7 8. a3 O-O
9. dxc5 Bxc5 10. Bxc5 Nxc5 11. b4 Nd7 12. Bd3 f5 13. O-O h6 14. Ne2 Nb6 15. Qd2
Bd7 16. b5 Ne7 17. Nfd4 Rc8 18. Rfb1 Nc4 19. Qb4 g5 20. b6 a6 21. Bxc4 Rxc4 22.
Qd2 Ng6 23. Rb3 Qe7 24. Rg3 g4 25. Rb1 h5 26. Rc3 Rfc8 27. Rxc4 Rxc4 28. Rb4
Rxb4 29. axb4 Qd8 30. Ng3 h4 31. Nh5 Kf7 32. Nf6 Bc8 33. Kf1 Qxb6 34. Qc3 Ne7
35. h3 Nc6 36. Nxc6 bxc6 37. hxg4 a5 38. b5 Qxb5+ 39. Kg1 Ba6 40. Qe3 c5 41.
gxf5 Qb1+ 42. Kh2 Qxc2 43. fxe6+ Kxe6 44. Qf3 Qe2 45. Qh3+ 1-0

[Event "Chigorin Memorial"]
[Site "St Petersburg RUS"]
[Date "2012.10.28"]
[Round "2.55"]
[White "Mirzoeva, Elmira"]
[Black "Demuth, Adrien"]
[Result "0-1"]
[WhiteTitle "WGM"]
[BlackTitle "IM"]
[WhiteElo "2283"]
[BlackElo "2479"]
[WhiteFideId "4127951"]
[BlackFideId "642274"]
[EventDate "2012.10.27"]

1. d4 d5 2. Nf3 c5 3. c4 e6 4. cxd5 exd5 5. Nc3 Nc6 6. g3 Nf6 7. Bg2 Be7 8. O-O
O-O 9. Bg5 c4 10. Ne5 Be6 11. Qd2 h6 12. Bxf6 Bxf6 13. f4 Ne7 14. Rad1 Bxe5 15.
fxe5 Rb8 16. a4 a6 17. e4 b5 18. axb5 axb5 19. Na2 Qb6 20. exd5 Nxd5 21. Bxd5
Bxd5 22. Nb4 Rfd8 23. Rf4 Rb7 24. Qf2 Qe6 25. Ra1 Rbd7 26. Ra5 Ra8 27. Rxa8+
Bxa8 28. Qe1 Ra7 29. Rf1 Rd7 30. Rf4 Qe7 31. h4 Qd8 32. Qe3 Qe7 33. Qe1 Ra7 34.
Kh2 Ra4 35. Nc2 Ra2 36. Ne3 Rxb2+ 37. Kh3 Qe6+ 38. g4 Rb3 39. Kh2 Qc6 40. d5 Qc5
41. Nf5 Bxd5 42. Qa5 Rb2+ 43. Kh3 Qg1 44. Ne7+ Kh7 0-1

[Event "Chigorin Memorial"]
[Site "St Petersburg RUS"]
[Date "2012.10.28"]
[Round "2.56"]
[White "Moiseenko, Vadim"]
[Black "Sukhareva, Evgeniya"]
[Result "1-0"]
[WhiteElo "2477"]
[BlackElo "2268"]
[WhiteFideId "4123700"]
[BlackFideId "4167155"]
[EventDate "2012.10.27"]

1. b3 e6 2. Bb2 d5 3. e3 b6 4. Nf3 Bb7 5. Ne5 Nf6 6. f4 Be7 7. Bb5+ c6 8. Bd3
O-O 9. Qf3 Nbd7 10. O-O Nc5 11. Be2 a5 12. a3 Re8 13. d3 Bf8 14. Nd2 Nfd7 15. d4
Na6 16. Bd3 g6 17. e4 Nxe5 18. fxe5 Qd7 19. exd5 exd5 20. Rf2 a4 21. Raf1 Re7
22. Qg3 Nc7 23. Nf3 Ne6 24. b4 Bg7 25. Bc1 Rf8 26. Bg5 Nxg5 27. Nxg5 c5 28. c3
Bc6 29. Rf3 Qc7 30. b5 Bd7 31. Nxh7 Rc8 32. Ng5 c4 33. Qh4 Be8 34. Qh7+ Kf8 35.
Bxg6 Qd7 36. e6 Qxb5 37. exf7 1-0

[Event "Chigorin Memorial"]
[Site "St Petersburg RUS"]
[Date "2012.10.28"]
[Round "2.57"]
[White "Turikov, Viktor"]
[Black "Popilski, Gil"]
[Result "0-1"]
[WhiteTitle "FM"]
[BlackTitle "IM"]
[WhiteElo "2270"]
[BlackElo "2475"]
[WhiteFideId "4107810"]
[BlackFideId "2809060"]
[EventDate "2012.10.27"]

1. d4 Nf6 2. Nc3 g6 3. e4 d6 4. Be2 Bg7 5. h4 c5 6. d5 h5 7. Nh3 Bxh3 8. Rxh3
Nbd7 9. a4 a6 10. Kf1 O-O 11. Bf4 Rb8 12. Re3 Qc7 13. Kg1 c4 14. a5 b5 15. axb6
Rxb6 16. Ra2 Rfb8 17. Qa1 Ne5 18. Bf1 Nfg4 19. Re2 Bf6 20. Bg5 Bxg5 21. hxg5 Nd7
22. Rd2 Rb4 23. Rxa6 Rxb2 24. Rc6 Qd8 25. Rxc4 Nde5 26. Ra4 Qc8 27. Qa3 Nd7 28.
Ra7 Nge5 29. Qa5 Nb6 30. Re2 Qg4 31. Re3 Nbc4 32. Qc7 Nxe3 33. Qxe7 Nf3+ 0-1

[Event "Chigorin Memorial"]
[Site "St Petersburg RUS"]
[Date "2012.10.28"]
[Round "2.58"]
[White "Golovin, Leonid"]
[Black "Fomichenko, Svetlana"]
[Result "1-0"]
[BlackTitle "WGM"]
[WhiteElo "2475"]
[BlackElo "2256"]
[WhiteFideId "4113381"]
[BlackFideId "14101807"]
[EventDate "2012.10.27"]

1. e4 c5 2. Nf3 Nc6 3. d3 g6 4. g3 Bg7 5. Bg2 e6 6. O-O Nge7 7. Re1 O-O 8. e5 d6
9. exd6 Qxd6 10. Nbd2 Nd4 11. Nc4 Qd8 12. Bf4 Nef5 13. c3 Nb5 14. Qb3 Nc7 15.
Ne3 Ne7 16. Qc4 Ncd5 17. Nxd5 Nxd5 18. Bg5 Qb6 19. Rab1 Bd7 20. Qh4 f6 21. Bh6
Ne7 22. Bxg7 Kxg7 23. Ne5 Bc8 24. Nc4 Qc7 25. Qe4 Rb8 26. a4 Bd7 27. Ra1 Nf5 28.
f4 Bc6 29. Qe2 Rfe8 30. Bxc6 Qxc6 31. a5 Rbd8 32. Qe4 Qxe4 33. dxe4 Nd6 34. Ra4
Nxc4 35. Rxc4 b6 36. b4 cxb4 37. Rc7+ Kh6 38. cxb4 bxa5 39. bxa5 Rd2 40. Rb1 a6
41. Rbb7 Rh8 42. g4 Ra2 43. Rb3 Ra1+ 44. Kg2 Ra2+ 45. Kg3 Rxa5 46. Rf7 f5 47.
Rf6 fxe4 48. Rxe6 Rb5 49. Rc3 Rb7 50. Rxa6 Re8 51. Re3 Rbe7 52. f5 Rd7 53. Kf4
Kg7 54. f6+ Kf7 55. g5 Rb8 56. Rxe4 Rb1 57. h4 Rh1 58. Kg3 Rg1+ 59. Kf2 Rb1 60.
Rae6 Rbb7 61. Re8 h6 62. Rh8 hxg5 63. hxg5 Rb2+ 64. Ke3 Re2+ 65. Kxe2 Rd2+ 66.
Ke3 Rd3+ 67. Kf4 Rf3+ 68. Ke5 Rf5+ 69. Kd4 Rd5+ 70. Kc3 Rd3+ 71. Kc4 Rc3+ 72.
Kd4 Rd3+ 73. Ke5 Rd5+ 74. Kf4 Rf5+ 75. Kg4 Rxg5+ 76. Kf4 1-0

[Event "Chigorin Memorial"]
[Site "St Petersburg RUS"]
[Date "2012.10.28"]
[Round "2.61"]
[White "Naboka, Sergey"]
[Black "Fomichenko, Eduard"]
[Result "1/2-1/2"]
[BlackTitle "IM"]
[WhiteElo "2256"]
[BlackElo "2460"]
[WhiteFideId "14123452"]
[BlackFideId "4132700"]
[EventDate "2012.10.27"]

1. e4 c5 2. Nf3 e6 3. d4 cxd4 4. Nxd4 Nc6 5. Nxc6 bxc6 6. Bd3 Nf6 7. O-O d5 8.
Nd2 Be7 9. Qe2 O-O 10. c4 a5 11. Rd1 Bb7 12. Nf3 Qc7 13. Bg5 Rfd8 14. e5 Ne8 15.
cxd5 exd5 16. Qc2 g6 17. Bh6 Ng7 18. h4 c5 19. b3 a4 20. h5 Nxh5 21. e6 Bf6 22.
Ng5 axb3 23. exf7+ Qxf7 24. axb3 Qe7 25. Rxa8 Rxa8 26. Nf3 Ng7 27. Re1 Ra1 28.
Rxa1 Bxa1 29. Bg5 Qd6 30. Qa2 Bf6 31. Bxf6 Qxf6 32. Qa7 Qc6 33. Ne5 Qc7 34. Nxg6
hxg6 35. Ba6 Ne6 36. Bxb7 Kg7 37. Qa8 d4 38. Be4 Qd6 39. Qb7+ Kf6 40. Qh7 Nf8
41. Qh8+ Kf7 42. Bd3 Qf6 43. Qh3 Kg7 44. Bc4 Qe7 45. Qf3 Nh7 46. Kf1 Nf6 47. Qe2
Qd6 48. Qf3 Nd7 49. Qf7+ Kh6 50. Qe6 Qxe6 51. Bxe6 Ne5 52. Ke2 g5 53. f3 Kg6 54.
g3 Kf6 55. Bd5 Nd7 56. Kd3 Ke5 57. Be4 Nf6 58. Bg6 Nd5 59. Kc4 Kd6 60. Be4 Ne3+
61. Kd3 Ke5 62. Ba8 Nf1 63. f4+ gxf4 64. gxf4+ Kxf4 65. b4 cxb4 1/2-1/2

[Event "Chigorin Memorial"]
[Site "St Petersburg RUS"]
[Date "2012.10.28"]
[Round "2.62"]
[White "Pakhomov, Egor"]
[Black "Zhurikhin, Alexander"]
[Result "1-0"]
[WhiteTitle "IM"]
[WhiteElo "2458"]
[BlackElo "2254"]
[WhiteFideId "24129542"]
[BlackFideId "4139569"]
[EventDate "2012.10.27"]

1. d4 Nf6 2. Nf3 b6 3. Bg5 Ne4 4. Bh4 Bb7 5. e3 g6 6. c4 Bg7 7. Qc2 O-O 8. Bd3
f5 9. O-O Qe8 10. Nfd2 Nxd2 11. Qxd2 e5 12. dxe5 Qxe5 13. Nc3 Na6 14. Bg3 Qf6
15. Rab1 d6 16. Nd5 Bxd5 17. cxd5 Nc5 18. b4 Nxd3 19. Qxd3 a5 20. b5 Rf7 21.
Rfc1 Re8 22. Rc4 Ree7 23. h3 Rd7 24. a4 Qe7 25. Rbc1 Bb2 26. R1c2 Bf6 27. e4 Bg7
28. exf5 Rxf5 29. Re4 Qf7 30. Re6 Be5 31. Re2 Bxg3 32. fxg3 Rf6 33. Kh2 h6 34.
Qd4 1-0

[Event "Chigorin Memorial"]
[Site "St Petersburg RUS"]
[Date "2012.10.28"]
[Round "2.64"]
[White "Debashis, Das"]
[Black "Dolgova, Olga"]
[Result "1-0"]
[WhiteTitle "IM"]
[BlackTitle "WIM"]
[WhiteElo "2454"]
[BlackElo "2250"]
[WhiteFideId "5024854"]
[BlackFideId "4158296"]
[EventDate "2012.10.27"]

1. d4 Nf6 2. c4 c5 3. d5 e6 4. Nc3 exd5 5. cxd5 d6 6. Nf3 g6 7. Bf4 Bg7 8. Qa4+
Bd7 9. Qb3 Qc7 10. e4 O-O 11. Nd2 Nh5 12. Be3 f5 13. exf5 gxf5 14. Be2 Be8 15.
O-O f4 16. Bxc5 f3 17. Bxf3 Qxc5 18. Qxb7 Nd7 19. Qxa8 Ne5 20. Bxh5 Bxh5 21. Qb7
Ng4 22. Nde4 Qd4 23. Qe7 Re8 24. Qh4 Re5 25. h3 Bg6 26. Qxg4 Bxe4 27. Rae1 h5
28. Qc8+ Bf8 29. Nxe4 Rxe4 30. Qf5 Rxe1 31. Rxe1 1-0

[Event "Chigorin Memorial"]
[Site "St Petersburg RUS"]
[Date "2012.10.28"]
[Round "2.65"]
[White "Toivonen, Alexander V."]
[Black "Hayrapetyan, Hovik"]
[Result "0-1"]
[WhiteTitle "FM"]
[BlackTitle "IM"]
[WhiteElo "2250"]
[BlackElo "2450"]
[WhiteFideId "4107918"]
[BlackFideId "13302639"]
[EventDate "2012.10.27"]

1. d4 Nf6 2. c4 e6 3. Nc3 Bb4 4. e3 Bxc3+ 5. bxc3 b6 6. Bd3 Bb7 7. Nf3 d6 8. O-O
c5 9. Re1 Ne4 10. d5 f5 11. Qa4+ Qd7 12. Qc2 exd5 13. cxd5 Bxd5 14. Nd2 Nxd2 15.
Bxf5 Be6 16. Bd3 Nc4 17. Bxc4 Bxc4 18. Qe4+ Qe6 19. Qxa8 O-O 20. e4 Qd7 21. Rd1
Nc6 22. Qxf8+ Kxf8 23. Bf4 d5 24. exd5 Bxd5 25. Bg3 Qf5 26. h3 Qe4 27. f3 Qe3+
28. Kh2 Qxc3 29. Rac1 Qb2 0-1

[Event "Chigorin Memorial"]
[Site "St Petersburg RUS"]
[Date "2012.10.28"]
[Round "2.66"]
[White "Can, Emre"]
[Black "Valli, Frans"]
[Result "1-0"]
[WhiteTitle "GM"]
[WhiteElo "2449"]
[BlackElo "2240"]
[WhiteFideId "6302181"]
[BlackFideId "506087"]
[EventDate "2012.10.27"]

1. Nf3 c5 2. e4 e6 3. c3 Nf6 4. e5 Nd5 5. d4 cxd4 6. cxd4 d6 7. Bc4 Nc6 8. O-O
Be7 9. Qe2 O-O 10. Rd1 Na5 11. b3 Bd7 12. Bxd5 exd5 13. Nc3 Be6 14. Ba3 Nc6 15.
Rac1 Rc8 16. h3 a6 17. Na4 b5 18. exd6 Bxd6 19. Bxd6 Qxd6 20. Nc3 Rfe8 21. Re1
f6 22. Qd3 Qd7 23. Qd2 Qd6 24. Nh2 Bf5 25. Rxe8+ Rxe8 26. Nf1 Rc8 27. Ne3 Be6
28. Ne2 Kf7 29. Rc2 Ne7 30. Rxc8 Bxc8 31. Qc2 Be6 32. Qxh7 Qb4 33. Nf4 Qe1+ 34.
Kh2 Qxf2 35. Qh5+ g6 36. Qh7+ Ke8 37. Nxe6 Qxe3 38. Qh8+ Kd7 39. Nc5+ Kc7 40.
Nxa6+ 1-0

[Event "Chigorin Memorial"]
[Site "St Petersburg RUS"]
[Date "2012.10.28"]
[Round "2.67"]
[White "Vunder, Andrey"]
[Black "Gladyszev, Oleg"]
[Result "0-1"]
[BlackTitle "IM"]
[WhiteElo "2243"]
[BlackElo "2446"]
[WhiteFideId "4128338"]
[BlackFideId "4118642"]
[EventDate "2012.10.27"]

1. d4 Nf6 2. Nf3 g6 3. Bg5 Ne4 4. Bh4 Bg7 5. Nbd2 d5 6. e3 c5 7. c3 Qb6 8. Qb3
Nxd2 9. Nxd2 Nc6 10. Qxd5 Qxb2 11. Rb1 Qa3 12. Qxc5 Qxc5 13. dxc5 Bxc3 14. Bb5
Be6 15. Ke2 Bxa2 16. Bxc6+ bxc6 17. Rb7 O-O-O 18. Rxa7 Rxd2+ 19. Kf3 Bd5+ 20. e4
Rd3+ 21. Kf4 Bd2+ 22. Ke5 f6+ 23. Bxf6 exf6+ 24. Kxf6 Kb8 0-1

[Event "Chigorin Memorial"]
[Site "St Petersburg RUS"]
[Date "2012.10.28"]
[Round "2.69"]
[White "Schepetkova, Margarita"]
[Black "Socko, Monika"]
[Result "1/2-1/2"]
[BlackTitle "GM"]
[WhiteElo "2239"]
[BlackElo "2445"]
[WhiteFideId "4189949"]
[BlackFideId "1106619"]
[EventDate "2012.10.27"]

1. d4 Nf6 2. c4 e6 3. Nc3 c5 4. d5 exd5 5. cxd5 d6 6. e4 g6 7. f4 Bg7 8. Bb5+
Nfd7 9. Be2 O-O 10. Nf3 Na6 11. O-O Re8 12. Nd2 Nf6 13. Bf3 Rb8 14. a4 Nb4 15.
Nc4 b6 16. e5 dxe5 17. fxe5 Nd7 18. e6 fxe6 19. dxe6 Bd4+ 20. Kh1 Nf6 21. Bf4
Bxe6 22. Nd6 Re7 23. Ndb5 Bc4 24. Bxb8 Bxf1 25. Qxf1 Qxb8 26. Nxd4 cxd4 27. Qc4+
Rf7 28. Qxb4 dxc3 29. Qxc3 Qf4 30. Kg1 Rc7 31. Qb3+ Kg7 32. Rd1 Rc1 33. Rxc1
Qxc1+ 34. Kf2 Qd2+ 35. Kf1 Qf4 36. g3 Qc1+ 37. Kg2 Qd2+ 38. Kg1 Qd4+ 39. Kf1 g5
40. Qb5 h6 41. Qa6 Kg6 42. Qxa7 Qd3+ 43. Be2 Qb1+ 44. Kg2 Qe4+ 45. Bf3 Qc2+ 46.
Kg1 Qc1+ 47. Kg2 Qxb2+ 48. Kg1 Qd4+ 49. Kg2 g4 50. Bb7 Qa1 51. Qxb6 Qxa4 52.
Qb1+ Kg7 53. Qb2 Qc4 54. Kg1 Qc5+ 55. Kg2 Qc4 56. Ba8 Qc5 57. Bb7 Qc4 58. Ba8 1/2-1/2

[Event "Chigorin Memorial"]
[Site "St Petersburg RUS"]
[Date "2012.10.28"]
[Round "2.71"]
[White "Antinyan, Armen"]
[Black "Mammadov, Zaur"]
[Result "0-1"]
[BlackTitle "IM"]
[WhiteElo "2177"]
[BlackElo "2442"]
[WhiteFideId "13303112"]
[BlackFideId "13401033"]
[EventDate "2012.10.27"]

1. e4 c6 2. c4 d5 3. cxd5 cxd5 4. exd5 Qxd5 5. Nc3 Qd8 6. Nf3 Nf6 7. d4 e6 8.
Bd3 Nc6 9. O-O Be7 10. Re1 O-O 11. Bc2 Nb4 12. Bb1 Qb6 13. a3 Nc6 14. Qd3 Rd8
15. Be3 Qxb2 16. Bc2 Qb6 17. Rab1 Qa5 18. Rb5 Qxa3 19. Bg5 Nb4 20. Rxb4 Bxb4 21.
Bxf6 gxf6 22. Qxh7+ Kf8 23. Ne4 Bxe1 24. Qh8+ Ke7 25. Qxf6+ Ke8 26. Ne5 Rxd4 27.
Qh8+ Qf8 28. Nf6+ Ke7 29. Ng8+ Kd8 30. Qf6+ Kc7 31. Nxf7 Qc5 32. h4 Bd7 33. Ngh6
Bd2 34. Bb3 Rf4 35. Qe5+ Qxe5 36. Nxe5 Rb4 37. Bc2 Bxh6 38. g4 Bg7 39. Nf3 Rxg4+
40. Kh2 Bc6 41. Ng5 Rh8 0-1